| 000 | 00892nam a2200217 i 4500 | ||
|---|---|---|---|
| 001 | 164439 | ||
| 003 | ES-MaACL | ||
| 005 | 20250815062611.0 | ||
| 008 | 951113m18831886sp |||| | spa d | ||
| 040 |
_aAS _bspa _cCCPB | SIC |
||
| 100 | 0 |
_aSales Ferré, Manuel. _9101880 |
|
| 245 | 1 | 0 |
_aCompendio de historia universal _b: edad prehistórica y período oriental / _cpor Manuel Sales y Ferré. |
| 260 |
_aMadrid : _bLibrería de Victoriano Suárez, _c1883-1885 ( _eSevilla : _fImp. de Francisco Alvarez y Cía.) |
||
| 300 |
_a2 v. (535 p. ; 432 p.) ; _c22 cm. |
||
| 510 | 4 |
_aPalau, _ct.XVIII, p.381 |
|
| 596 | _aFecha de cub. del t. II, 1886. | ||
| 596 | _aPie de imp. de la segunda parte: Madrid : [s.n.], 1885 (Imp. y Fundición de Manuel Tello) | ||
| 650 | 7 |
_aHistoria universal _2embne _913429 |
|
| 852 |
_aES-MaACL _jF-7604-7605 _z-- Enc. pasta española |
||
| 999 |
_c164439 _d164439 |
||